| 000 | 03355nam a22003257a 4500 | ||
|---|---|---|---|
| 003 | DO-SdBPM | ||
| 005 | 20260513133208.0 | ||
| 007 | ta | ||
| 008 | 161031b2006 xx a 1 00| 0 spa d | ||
| 020 | _a0765277506 | ||
| 040 |
_aDO-SdBPM _bspa _cBPMSU _erda |
||
| 082 | 0 | 4 |
_aR920.72 _bH869c _222 |
| 100 | 1 |
_aHoyt-Goldsmith, Diane _eautora _4aut. |
|
| 245 | 1 | 0 |
_a40 mujeres famosas / _cDiane Hoyt-Goldsmith |
| 246 | 1 | 3 | _aCuarenta mujeres famosas |
| 264 |
_aEstados Unidos : _bCelebration Press ; _bPearson Learning Group , _c2006. |
||
| 300 |
_a32 págians : _bilustración ; _c29 cm. |
||
| 336 |
_atexto _btxt _2rdacontent |
||
| 337 |
_asin mediación _bn _2rdamedia |
||
| 338 |
_avolumen _bnc _2rdacarrier |
||
| 490 | 0 | _aiOpeners | |
| 500 | _aIncluye índice | ||
| 505 | 0 | _aIsabel Allende (Escritora chilena) -- Corazón Aquino (Política y presidenta de Filipinas) -- Margaret Bourke-White (Fotógrafa documental y corresponsal) -- Ada Byron (Lady Lovelace) (Matemática y pionera de la computación) -- María Cristina Caballero (Periodista colombiana, defensora de derechos humanos) -- Helen Caldicott (Médica y activista antinuclear australiana) -- Emily Carr (Pintora y escritora canadiense). --Caroline Chisholm (Humanitaria dedicada al bienestar de inmigrantes) -- Bessie Coleman (Primera mujer afroamericana e indígena en ser piloto) -- Marie Curie (Científica pionera en el campo de la radiactividad) -- Catriona Le May Doan (Patinadora de velocidad y campeona olímpica) -- Cathy Freeman (Atleta australiana, símbolo de la reconciliación aborigen) -- Biruté Galdikas (Primatóloga experta en orangutanes). -- Indira Gandhi (Primera ministra de la India) -- Tanni Grey-Thompson (Atleta paralímpica y política británica) -- Sachiko Hashimoto (Educadora y líder de las Guías Scouts en Japón) -- Frida Kahlo (Pintora mexicana icónica) -- Helen Keller (Escritora y activista sordociega) -- Aung San Suu Kyi (Política y Nobel de la Paz de Birmania). Maya Lin (Arquitecta y escultora, diseñadora del Monumento a los Veteranos) -- Wangari Maathai (Activista ambiental keniana y Nobel de la Paz) -- Mireya Moscoso (Primera mujer presidenta de Panamá) -- Florence Nightingale (Precursora de la enfermería moderna) -- Antonia Novello (Médica, primera mujer Cirujana General de EE. UU.) -- Ellen Ochoa (Astronoma y primera mujer hispana en el espacio) -- Patricia O'Shane (Primera abogada y magistrada aborigen australiana) --Rosa Parks (Activista clave del movimiento por los derechos civiles) -- Mary Pratt (Pintora realista canadiense) --Mary Robinson (Primera mujer presidenta de Irlanda) -- Mary Seacole (Enfermera jamaicana de la Guerra de Crimea) -- Laura Secord (Heroína canadiense de la guerra de 1812) -- Huda Sha'arawi (Líder feminista egipcia)-- Kate Sheppard (Sufragista clave en Nueva Zelanda) -- Utako Shimoda (Educadora y activista por los derechos de la mujer en Japón) -- Kiri Te Kanawa (Soprano neozelandesa) -- Valentina Tereshkova (Cosmonauta, primera mujer en el espacio) --Margaret Thatcher (Primera ministra del Reino Unido) --Harriet Tubman (Luchadora por la libertad y contra la esclavitud). | |
| 590 | _aInventariado, 2026/VM | ||
| 650 | 7 |
_aMujeres _vBiografías |
|
| 650 | 7 | _aMujeres en la historia. | |
| 830 | 0 | _a | |
| 910 | _aVMateo V. Control de calidad. BPMSU | ||
| 942 |
_2ddc _cBK |
||
| 999 |
_c12603 _d12603 |
||